00390nam a22001577a 4500003000400000008004100004020001800045082001600063100002000079245003800099250000800137260002500145300001200170650002200182700002800204OSt260122b |||||||| |||| 00| 0 eng d a9781119289746 a615.068 WAI aWaller, Patrick aIntroduction to Pharmacovigilance a2nd aN.DelhibWileyc2017 axix,170 aPharmacovigilance aWoolrych, Mira Harrison